Central Library and Information Centre
Sibsagar Girls' College, Sivasagar : Assam

SISHATATTWA MANUBIGYAN ARU PARISOI (Record no. 5264)

MARC details
000 -LEADER
fixed length control field 00393cam a2200169ua 4500
008 - FIXED-LENGTH DATA ELEMENTS--GENERAL INFORMATION
fixed length control field 191126n1992 II |||gr||||Z||||||asm
040 ## - CATALOGING SOURCE
Original cataloging agency MAIN
041 ## - LANGUAGE CODE
-- English
041 ## - LANGUAGE CODE
-- asm
082 ## - DEWEY DECIMAL CLASSIFICATION NUMBER
Classification number 370.15 KAK
100 ## - MAIN ENTRY--PERSONAL NAME
Personal name KAKATI, SACHITRA.
245 ## - TITLE STATEMENT
Title SISHATATTWA MANUBIGYAN ARU PARISOI
260 ## - PUBLICATION, DISTRIBUTION, ETC.
Place of publication, distribution, etc. GUWAHATI
Name of publisher, distributor, etc. JYOTI PRAKASHAN
Date of publication, distribution, etc. 1992
300 ## - PHYSICAL DESCRIPTION
Extent 216:
Dimensions 22CM.
942 ## - ADDED ENTRY ELEMENTS (KOHA)
Koha item type Books
Holdings
Withdrawn status Lost status Damaged status Not for loan Collection code Home library Current library Shelving location Date acquired Full call number Barcode Date last seen Copy number Price effective from Koha item type Public note
        TBEDU Central Library and Information Centre Sibsagar Girls College Central Library and Information Centre Sibsagar Girls College EDUCATION BOOK RACK 19.06.1995 370.15 KAK 13400 27.02.2020 1 27.02.2020 Books V
Withdrawn       REFEDU Central Library and Information Centre Sibsagar Girls College Central Library and Information Centre Sibsagar Girls College Staff Office 19.06.1995 370.15 KAK 13401 27.02.2020 2 27.02.2020 Books V


Sibsagar Girl's College © 2020. All rights reserved.
Powered by Koha.
Maintained by Abhijit Borpuzari.